'A' TV Cast Match Quiz Stats

 Plays Quiz Updated Aug 8, 2015

Challenge
Share
Tweet
Embed
Score 0/30 Timer 06:00
0 Plays Today
% Correct
The A-Team
84%
Ally McBeal
80.4%
According to Jim
76.3%
Arrested Development
72.3%
Alias
68.6%
American Dad!
67.9%
Anger Management
67.3%
All My Children
66.5%
All in the Family
62.8%
Angel
58%
American Horror Story
55%
Archie Bunker's Place
54.8%
The Addams Family
50.8%
Adventures of Superman
50.8%
Alice
50%
% Correct
The Avengers
48.5%
Airwolf
48.1%
Absolutely Fabulous
48%
The Americans
47.4%
Amen
46.9%
Army Wives
45.6%
Adam-12
41.3%
Anything but Love
38.8%
Arli$$
35.1%
Archer
34.3%
Arrow
29.2%
Are You Being Served?
28.1%
ALF
25.7%
The Adventures of Pete & Pete
21.4%
Alphas
18.5%

You're not logged in!

Compare scores with friends on all Sporcle quizzes.
OR
Log In

You Might Also Like...

Show Comments

Extras

Top Quizzes Today


Score Distribution

Your Account Isn't Verified!

In order to create a playlist on Sporcle, you need to verify the email address you used during registration. Go to your Sporcle Settings to finish the process.

Report this User

Report this user for behavior that violates our Community Guidelines.

Details: